<?xml version="1.0" encoding="UTF-8"?>
<collection xmlns="http://www.loc.gov/MARC21/slim">
  <record>
    <leader>00000nam  2200000   4500</leader>
    <controlfield tag="001">INLIS000000000017388</controlfield>
    <controlfield tag="005">20240830032439</controlfield>
    <datafield tag="035" ind1="#" ind2="#">
      <subfield code="a">0010-0824000009</subfield>
    </datafield>
    <controlfield tag="007">ta</controlfield>
    <controlfield tag="008">240830################|##########|#|##</controlfield>
    <datafield tag="084" ind1="#" ind2="#">
      <subfield code="a">R 033 PKP 2023</subfield>
    </datafield>
    <datafield tag="100" ind1=" " ind2="#">
      <subfield code="a">Yudha Setiawan</subfield>
    </datafield>
    <datafield tag="245" ind1="1" ind2="#">
      <subfield code="a">Peningkatan Layanan Administrasi Pencatatan Media Cetak Dilingkungan SESPRI Presiden RI /</subfield>
      <subfield code="c">Sekretariat Kabinet</subfield>
    </datafield>
    <datafield tag="260" ind1="#" ind2="#">
      <subfield code="a">Jakarta :</subfield>
      <subfield code="b">Pusbangkom Pimnas dan Manajerial ASN,</subfield>
      <subfield code="c">2023</subfield>
    </datafield>
    <datafield tag="300" ind1="#" ind2="#">
      <subfield code="a">24 halaman ;</subfield>
      <subfield code="c">30 cm</subfield>
    </datafield>
    <datafield tag="650" ind1="#" ind2="4">
      <subfield code="a">Layanan Administrasi</subfield>
    </datafield>
    <datafield tag="520" ind1="#" ind2="#">
      <subfield code="a">Penulisan ini bertujuan untuk meningkatkan layanan administrasi dalam proses pencatatan media cetak di lingkungan Sekretaris Pribadi Presiden Republik Indonesia. Hal ini didasari dari kurangnya peningkatan (upgrade) pada tugas pencatatan media cetak. Hasil analisis penyebab menggunakan fishbone analisis menunjukan bahwa terdapat 3 domain yang menyebabkan tidak optimalnya pencatatan media cetak di Sespri Presiden. Ketiga domain tersebut adalah manusia, metode dan mesin. Peningkatan layanan administrasi pencatatan media cetak di lingkungan Sekretaris Pribadi Presiden Republik Indonesia akan dilakukan dalam 3 tahapan yaitu tahapan jangka pendek, jangka menengahm dan jangka panjang. Peningkatan ini diharapkan dapat meningkatkan kinerja Sespri Presiden RI di bidang pencatatan media cetak secara berkelanjutan. Selain hal tersebut disampaikan langkah-langkah yang sudah dilakukan penulis untuk meningkatkan kompetensi pada domain kerjasama, sub domain komunikasi.</subfield>
    </datafield>
    <datafield tag="856" ind1="#" ind2="#">
      <subfield code="a">Perpustakaan LAN Pusat</subfield>
    </datafield>
    <datafield tag="990" ind1="#" ind2="#">
      <subfield code="a">24.08.033</subfield>
    </datafield>
  </record>
</collection>
